R6 Operators 2025 - Statistics

General Stats
  • This quiz has been taken 379 times
    378 since last reset
  • The average score is 46 of 75
Answer Stats
Hint Answer % Correct
Attacker Ash
93%
Attacker Sledge
86%
Attacker Thatcher
83%
Attacker Thermite
83%
Defender Mute
81%
Attacker Blitz
80%
Defender Smoke
80%
Defender Doc
79%
Attacker Twitch
79%
Defender Castle
75%
Attacker Ace
74%
Attacker Blackbeard
74%
Attacker Buck
74%
Attacker Fuze
74%
Defender Rook
74%
Attacker Montagne
73%
Defender Bandit
70%
Defender Kapkan
70%
Attacker Glaz
68%
Defender Sentry
68%
Attacker Striker
68%
Attacker Deimos
67%
Attacker Hibana
67%
Attacker IQ
67%
Defender Pulse
67%
Defender Vigil
67%
Defender Frost
65%
Defender Mira
65%
Defender Warden
65%
Defender Tachanka
64%
Defender Kaid
63%
Defender Valkyrie
63%
Attacker Finka
62%
Defender Lesion
62%
Attacker Lion
61%
Defender Mozzie
61%
Attacker Kali
60%
Defender Jager
59%
Attacker Ying
59%
Defender Aruni
58%
Defender Caveira
58%
Attacker Capitao
57%
Defender Clash
57%
Attacker Dokkaebi
57%
Attacker Jackal
57%
Defender Skopos
57%
Defender Goyo
55%
Attacker Ram
55%
Attacker Zero
55%
Defender Alibi
54%
Attacker Amaru
54%
Attacker Brava
54%
Defender Echo
54%
Attacker Gridlock
54%
Defender Maestro
54%
Defender Fenrir
53%
Attacker Iana
53%
Defender Ela
52%
Attacker Flores
52%
Attacker Nomad
52%
Attacker Maverick
51%
Attacker Nokk
51%
Attacker Osa
51%
Attacker Zofia
51%
Defender Azami
50%
Defender Melusi
48%
Attacker Grim
47%
Attacker Sens
47%
Defender Tubarao
47%
Defender Wamai
47%
Defender Thorn
44%
Defender Solis
43%
Defender Thunderbird
41%
Defender Oryx
40%
Attacker Rauora
38%
No matching quizzes found
Score Distribution
Percent of People with Each Score
Percentile by Number Answered
Your Score History
You have not taken this quiz since the last reset